| 000 | 00746cam a2200217 4500 | ||
|---|---|---|---|
| 001 | WB3813-13 | ||
| 008 | 020515n2002 000 0 eng u | ||
| 035 | _a(Sirsi) u117970 | ||
| 245 | _aHousing boom is worldwide | ||
| 260 | _c2002 | ||
| 490 |
_aNegotiator _v17 (6) 10 May 2002, 5(1) |
||
| 520 | _aEstate agents Fisks argue the housing boom is not just retricted to the UK. Elsewhere in the world premium house sales are thriving in areas such as Australia, New Zealand and South Africa. | ||
| 590 | _aWB | ||
| 650 | _aHOUSING | ||
| 650 | _aHOUSE SALES | ||
| 650 | _aHOUSE PRICES | ||
| 650 | _aHOUSING MARKET | ||
| 650 | _aINTERNATIONAL PROPERTY | ||
| 690 | _aPROPERTY-RESIDENTIAL PROPERTY-RESIDENTIAL PROPERTY MARKET | ||
| 942 | _n0 | ||
| 999 |
_c70258 _d70258 |
||